The crucible of Calvary. (Record no. 5093)

000 -LEADER
fixed length control field 00549nam a2200181 a 4500
001 - CONTROL NUMBER
control field :::00002834$&:&@@
003 - CONTROL NUMBER IDENTIFIER
control field OkBaRHE
005 - DATE AND TIME OF LATEST TRANSACTION
control field 20000607103257.0
008 - FIXED-LENGTH DATA ELEMENTS--GENERAL INFORMATION
fixed length control field s1938 j 000 0 eng u
040 ## - CATALOGING SOURCE
Transcribing agency
100 1# - MAIN ENTRY--PERSONAL NAME
Personal name Rimmer, Harry, 1890-1952.
245 14 - TITLE STATEMENT
Title The crucible of Calvary.
260 ## - PUBLICATION, DISTRIBUTION, ETC. (IMPRINT)
Place of publication, distribution, etc Grand Rapids, MI., :
Name of publisher, distributor, etc Eerdmans
Date of publication, distribution, etc c1938
300 ## - PHYSICAL DESCRIPTION
Extent 140 p. ;
Dimensions 20 cm.
650 ## - SUBJECT ADDED ENTRY--TOPICAL TERM
Topical term or geographic name as entry element Bible New Testament
General subdivision Biography
942 ## - ADDED ENTRY ELEMENTS (KOHA)
Source of classification or shelving scheme
Koha item type Books
Copies
Shelving location Not for loan Price effective from Source of classification or shelving scheme Permanent Location Barcode Full call number Copy number Koha item type Damaged status Date last seen Lost status Date acquired Withdrawn status
General Stacks 2010-04-14 RHEMA Bible Training College2834BS 2430 .R4861Books 2018-03-16 2010-04-14